| 000 | 00355 a2200157 4500 | ||
|---|---|---|---|
| 001 | 68141 | ||
| 020 | _a9788577533787 | ||
| 040 | _cAnchieta - Pituba | ||
| 100 | _aPick, Alison | ||
| 240 | 1 | 0 |
_aO trem que leva a esperança _lpor |
| 245 | 1 | 0 | _aO trem que leva a esperança |
| 300 | _a322 | ||
| 362 | 0 | _a2018 | |
| 650 | 4 | _aRomance canadense | |
| 942 | _cBK | ||
| 999 |
_c68141 _d68141 |
||